| 000 | 03458nam0a2200433 4500 | ||
|---|---|---|---|
| 001 | RU\NLR\BIBL_A\022736318 | ||
| 005 | 20260531100031.0 | ||
| 010 |
_a978-5-904401-15-3 _9100 |
||
| 021 |
_aRU _bКН-П-25-081448 _9КН-П-25-7888 |
||
| 035 | _a(NLR Aleph) 022736318 | ||
| 090 |
_a13717484 _c13717484 |
||
| 100 | _a20260225d2025 k y0rusy50 ca | ||
| 101 | 0 | _arus | |
| 102 | _aRU | ||
| 105 | _aa z 110yy | ||
| 181 | 0 |
_ai _baxxe |
|
| 182 | 0 | _an | |
| 200 | 1 |
_aРоль библиотек в сохранении памяти о Великой Отечественной войне _eматериалы межрегиональной (с международным участием) научно-практической конференции, посвященной 80-летию Победы в Великой Отечественной войне 1941–1945 годов (г. Оренбург, 17 апреля 2025 г.) _eсборник _fМинистерство культуры Оренбургской области, Государственное бюджетное учреждение культуры "Оренбургская областная универсальная научная библиотека имени Н. К. Крупской", Общественная палата Оренбургской области _gсоставители : Е. М. Фурсова, А. В. Куличкина _gнаучный редактор: Е. С. Бурлакова |
|
| 203 |
_aТекст _bвизуальный _cнепосредственный |
||
| 210 |
_aОренбург _cОренбургская областная универсальная научная библиотека им. Н. К. Крупской _d2025 |
||
| 215 |
_a239 с. _cтабл., цв. ил. _d21 |
||
| 300 | _aНа обл.: 80 Победа! | ||
| 320 | _aБиблиогр. к конце отд. ст. | ||
| 606 | 1 |
_aБиблиотеки _jСъезды, совещания и т.п _xПропаганда литературы о Великой Отечественной войне _z1941 - 1945 _92261764 _3RU\NLR\AUTH\661356072 |
|
| 606 | 1 |
_aБиблиотеки _jСъезды, совещания и т.п _xИстория _yСССР _z1941 - 1945 _92189985 _3RU\NLR\AUTH\6601552340 |
|
| 606 | 1 |
_aПатриотическое воспитание _jСъезды, совещания и т.п _xРоль библиотек _yРоссийская Федерация _92335158 _3RU\NLR\AUTH\6601620067 |
|
| 686 | 1 | _aЧ735.113.34я431 | |
| 686 | 1 | _aЧ733(2)7я431 | |
| 686 | 1 | _aЦ4,6(2Р)91я431 | |
| 702 | 1 |
_aФурсова _bЕ. М. _4220 |
|
| 702 | 1 |
_aБурлакова _bЕ. С. _gЕкатерина Сергеевна _4340 |
|
| 711 | 1 | 2 |
_a"Роль библиотек в сохранении памяти о Великой Отечественной войне", межрегиональная (с международным участием) научно-практическая конференция _eОренбург _f2025 _92701968 _3RU\NLR\AUTH\880640409 |
| 712 | 0 | 2 |
_4475 _aОренбургская областная универсальная научная библиотека им. Н. К. Крупской _9598472 _3RU\NLR\AUTH\8810049213 |
| 942 | _cBOOK | ||
| 980 | _aNB | ||